All Countries in Rule a Country - Statistics

General Stats
  • This quiz has been taken 26 times
    2 since last reset
  • The average score is 53 of 81
Answer Stats
Original Continent NPC? Answer % Correct
Ceveulius Yes Advosium
100%
Ceveulius No Ævanescia
100%
Ceveulius No Astrye
100%
Dalesia No Bagnindä
100%
Ceveulius Yes Canidex
100%
Ceveulius No Canocot
100%
Ceveulius No Carrastan
100%
Dalesia No Coaiestate
100%
Ceveulius No Delphinax
100%
Ceveulius No Denkong
100%
Ceveulius No Elyhc
100%
Dalesia Yes Evrenoir
100%
Dalesia Yes Faltons
100%
Ceveulius Yes Freuhnya
100%
Ceveulius No Gaulun
100%
Ceveulius No Gherweb
100%
Dalesia No Hennecartia
100%
Dalesia No Ixtalore
100%
Ceveulius No Loubete
100%
Ceveulius No Mar del Desierto
100%
Ceveulius No Mu
100%
Ceveulius No Nascassia
100%
Ceveulius No Navienza
100%
Cevuelius No Norbute
100%
Ceveulius No Prospitia
100%
Ceveulius Yes Ratafir
100%
Ceveulius No Rhyadska
100%
Ceveulius No Rsojeb
100%
Ceveulius No Saylandia
100%
Ceveulius Yes Sinuon
100%
Ceveulius No Sova
100%
Dalesia No Streocor
100%
Ceveulius Yes Terra Vitae
100%
Ceveulius No Triglav
100%
Ceveulius No Troublisia
100%
Ceveulius No Tuhareviatisem
100%
Ceveulius No Turintech
100%
Ceveulius Yes Wanzai
100%
Ceveulius No Xæmynos
100%
Dalesia No Yashia
100%
Ceveulius No Yorokobina
100%
Ceveulius No Zakalien
100%
Ceveulius No Ziekat
100%
Dalesia Yes Zyiœkshao
100%
Ceveulius No Aquatica Wyrmatic
50%
Dalesia Yes Ašanlerv
50%
Dalesia No En'Muonetta
50%
Dalesia No Fieryia
50%
Dalesia No Forzelik
50%
Dalesia No Halcyonia
50%
Dalesia No Ikatt
50%
Ceveulius No Laranthinies
50%
Dalesia No Mercantilia
50%
Dalesia No Rocolinterno
50%
Dalesia No Soutwosk
50%
Ceveulius No Spoudaiosistan
50%
Dalesia No Tabotingajulele
50%
Ceveulius Yes Tatalgo
50%
Dalesia No Theeserrasland
50%
Dalesia No Varnland
50%
Dalesia No Weissbrunn
50%
Dalesia No Zarron
50%
Dalesia No Alistria
0%
Dalesia No Alndomalon
0%
Dalesia No Bobnia
0%
Ceveulius Yes Crestile
0%
Dalesia No Dorlesk
0%
Dalesia No Draegua
0%
Dalesia No Eißany
0%
Dalesia No Exenia
0%
Dalesia No Fagraskogr
0%
Dalesia No Fredford
0%
Dalesia No Ijustya
0%
Dalesia No Laderis
0%
Dalesia No Nariarwan
0%
Ceveulius No Riove
0%
Dalesia No Sasnua
0%
Dalesia No Stanstone
0%
Ceveulius No Trasusia
0%
Ceveulius No Viltrenisium
0%
Dalesia No Vriendlander
0%
No matching quizzes found
Score Distribution
Percent of People with Each Score
Percentile by Number Answered
Your Score History
You have not taken this quiz since the last reset